[Event "Titled Tuesday intern op 19th Jul Early"]
[Site "Chess.com INT"]
[Date "2022.07.19"]
[Round "6"]
[White "Lauridsen, Jesper Morch"]
[Black "Marjanovic, Annamaria"]
[Result "1/2-1/2"]
[WhiteElo "2221"]
[BlackElo "2312"]
[PlyCount "173"]
[EventDate "2022.07.19"]
[EventType "swiss (blitz)"]
[EventRounds "11"]
[EventCountry "USA"]
[SourceTitle "EXT 2023"]
[Source "ChessBase"]
[SourceDate "2022.10.05"]
[SourceVersion "1"]
[SourceVersionDate "2022.10.05"]
[SourceQuality "1"]

1. e4 c6 2. d4 d5 3. exd5 cxd5 4. c4 Nf6 5. Nc3 e6 6. Nf3 Be7 7. Bd3 0-0 8. 0-0 dxc4 9. Bxc4 Nbd7 10. Re1 Nb6 11. Bb3 Nbd5 12. Ne5 Bd7 13. Bg5 Bc6 14. Qd3 h6 15. Bd2 Nb4 16. Qg3 Kh8 17. Rad1 Nbd5 18. Bc2 Rc8 19. Qh3 Ng8 20. Qxe6 fxe6 21. Ng6+ Kh7 22. Nxf8+ Kh8 23. Ng6+ Kh7 24. Nxe7+ Kh8 25. Ng6+ Kh7 26. Ne5+ g6 27. Bxg6+ Kg7 28. Bf7 Nxc3 29. Bxc3 Bd5 30. Bxe6 Bxe6 31. d5 Rxc3 32. dxe6 Qe7 33. Rd7 Rc2 34. Rxe7+ Nxe7 35. Nd3 Rd2 36. Nf4 Rxb2 37. g3 Rxa2 38. Rd1 Rb2 39. Rd7 Kf6 40. Rd8 a5 41. Rf8+ Ke5 42. Nd3+ Kxe6 43. Nxb2 b5 44. Ra8 a4 45. Nxa4 bxa4 46. Rxa4 Kf7 47. Ra7 Kf6 48. Ra6+ Kg7 49. Ra8 Nf5 50. Ra7+ Kg6 51. Ra6+ Kg7 52. Ra5 Nd4 53. Rd5 Ne6 54. Rd6 Ng5 55. Rb6 Kf7 56. Ra6 Kg7 57. Rb6 Nf3+ 58. Kf1 Ng5 59. Kg2 Ne4 60. f4 Nc5 61. Rb5 Ne4 62. Rb6 Nc3 63. Rb7+ Kg6 64. Rc7 Nd5 65. Rc6+ Kg7 66. Rd6 Ne3+ 67. Kf3 Nf5 68. Ra6 Nd4+ 69. Ke4 Ne2 70. Ra7+ Kg6 71. Ra3 Ng1 72. Ra6+ Kg7 73. g4 Nh3 74. Ra7+ Kg6 75. f5+ Kf6 76. Rh7 Ng5+ 77. Kf4 Nxh7 78. h4 Nf8 79. g5+ hxg5+ 80. hxg5+ Kg7 81. f6+ Kg6 82. Ke5 Kf7 83. Kf5 Ng6 84. Kg4 Nf8 85. Kf5 Ng6 86. Kg4 Nf8 87. Kf5 1/2-1/2

[Event "Titled Tuesday intern op 19th Jul Early"]
[Site "Chess.com INT"]
[Date "2022.07.19"]
[Round "2"]
[White "Marjanovic, Annamaria"]
[Black "Adury, Anant"]
[Result "1-0"]
[WhiteElo "2312"]
[BlackElo "2063"]
[PlyCount "69"]
[EventDate "2022.07.19"]
[EventType "swiss (blitz)"]
[EventRounds "11"]
[EventCountry "USA"]
[SourceTitle "EXT 2023"]
[Source "ChessBase"]
[SourceDate "2022.10.05"]
[SourceVersion "1"]
[SourceVersionDate "2022.10.05"]
[SourceQuality "1"]

1. b3 d5 2. Bb2 Bg4 3. h3 Bh5 4. g4 Bg6 5. Bg2 Nc6 6. e3 e5 7. d3 h5 8. Ne2 hxg4 9. hxg4 Rxh1+ 10. Bxh1 Nf6 11. Ng3 Bb4+ 12. Nd2 d4 13. a3 Bd6 14. Qe2 Qe7 15. Nc4 0-0-0 16. g5 Nd7 17. Bxc6 bxc6 18. Na5 Nb8 19. Qg4+ Qd7 20. Qxd7+ Rxd7 21. exd4 exd4 22. Bxd4 Bxg3 23. Bxa7 Be5 24. 0-0-0 Bc3 25. b4 c5 26. Rh1 Na6 27. Nc6 Kb7 28. b5 Nb8 29. Bxb8 c4 30. Rd1 cxd3 31. cxd3 Bxd3 32. Ba7 Rd6 33. Bc5 Rxc6 34. bxc6+ Kxc6 35. Rxd3 1-0

[Event "Titled Tuesday intern op 12th Jul Early"]
[Site "Chess.com INT"]
[Date "2022.07.12"]
[Round "5"]
[White "Kabanova, Ekaterina"]
[Black "Marjanovic, Annamaria"]
[Result "1-0"]
[WhiteElo "2138"]
[BlackElo "2312"]
[PlyCount "77"]
[EventDate "2022.07.12"]
[EventType "swiss (blitz)"]
[EventRounds "11"]
[EventCountry "USA"]
[SourceTitle "EXT 2023"]
[Source "ChessBase"]
[SourceDate "2022.10.05"]
[SourceVersion "1"]
[SourceVersionDate "2022.10.05"]
[SourceQuality "1"]

1. c4 f5 2. e3 Nf6 3. Qc2 g6 4. a3 Bg7 5. b4 0-0 6. Bb2 d6 7. Nf3 e5 8. d3 Nc6 9. Nbd2 a5 10. b5 Ne7 11. Be2 h6 12. h4 Be6 13. g3 Qd7 14. Bc3 Ng4 15. Nb3 a4 16. Nbd2 d5 17. cxd5 Nxd5 18. Bb2 Qxb5 19. d4 Qe8 20. Nxe5 Nxe5 21. dxe5 c6 22. Nc4 Qe7 23. Nd6 Bf7 24. Rb1 Bxe5 25. Bxe5 Qxe5 26. Nxb7 Rfb8 27. 0-0 Nc3 28. Rb4 Bb3 29. Bc4+ Bxc4 30. Rxc4 Rxb7 31. Rxc3 Kh7 32. Rxc6 Raa7 33. Rd1 Qe7 34. Rdd6 Rc7 35. Rxg6 Qe5 36. Rxh6+ Kg7 37. Rcg6+ Kf7 38. Qa2+ Ke7 39. Rh7+ 1-0

[Event "Titled Tuesday intern op 12th Jul Early"]
[Site "Chess.com INT"]
[Date "2022.07.12"]
[Round "6"]
[White "Marjanovic, Annamaria"]
[Black "Schut, Han"]
[Result "1-0"]
[WhiteElo "2312"]
[BlackElo "2101"]
[PlyCount "71"]
[EventDate "2022.07.12"]
[EventType "swiss (blitz)"]
[EventRounds "11"]
[EventCountry "USA"]
[SourceTitle "EXT 2023"]
[Source "ChessBase"]
[SourceDate "2022.10.05"]
[SourceVersion "1"]
[SourceVersionDate "2022.10.05"]
[SourceQuality "1"]

1. b3 e5 2. Bb2 Nc6 3. e3 Bd6 4. Bb5 Qe7 5. Ne2 f5 6. 0-0 Nf6 7. d4 0-0 8. Nd2 a6 9. Bxc6 dxc6 10. h3 Bd7 11. Nc4 e4 12. Nxd6 cxd6 13. c4 d5 14. Qd2 Rac8 15. Bc3 Qf7 16. Bb4 Rfe8 17. Rfc1 g5 18. Bd6 Nh5 19. cxd5 cxd5 20. Rc5 Bc6 21. Rac1 Re6 22. Be5 Rf8 23. a4 f4 24. b4 f3 25. Ng3 fxg2 26. b5 axb5 27. axb5 Rxe5 28. dxe5 Nxg3 29. bxc6 bxc6 30. e6 Qf5 31. Kxg2 Qf3+ 32. Kh2 Nf5 33. Rg1 h6 34. Rxc6 Nh4 35. e7 Re8 36. Rxh6 1-0